| 000 | 00372nam a2200145Ia 4500 | ||
|---|---|---|---|
| 005 | 20250616014059.0 | ||
| 008 | 240331s9999 xx 000 0 und d | ||
| 082 |
_bWIJ _a305 |
||
| 100 | _aWijesekera, N | ||
| 245 | 0 | _aLanka janathava | |
| 260 |
_aColombo _bA.M.D Gunasena Publishers _c1969 |
||
| 300 | _a264 p ., | ||
| 500 | _aA book of Population of Sri Lanka | ||
| 942 | _cL | ||
| 999 |
_c2062 _d2062 |
||